Регионална библиотека "Любен Каравелов" - Русе

Гераки | Земля (Запис номер 377296)

MARC детайли
000 -Лидер
Контролно поле с фиксирана дължина 01405nam a2200373 c 4500
003 - Код на организацията, давaща контролен номер
Контролно поле BLK
005 - Дата и час на последна редакция
Контролно поле 20221018151135.0
008 - Елементи от данни с фиксирана дължина
fixed length control field 200311b bul|||||r ||||||| ||bul||
010 ## - Наследен системен номер
LC control number KNG00051269RET
040 ## - Източник на каталожния запис
Идентификатор на билиотеката - собственик на записа BLK
041 ## - Код за език
Код за езика на текст/звукозапис или на отделно заглавие Руски
Код за езика КДБФ Руски
080 ## - УДК
Текстов определител УДК Българска литература
УДК код - определител по УДК 821.163.2
УДК - код + определител 821.163.2
139 ## - Редно поле
Редна дума Елин Пелин
245 10 - Сведения за заглавието
Заглавие Гераки
Редно поле (дума) Элин Пелин; пер. с болг. Валентина Арсеньева
245 10 - Сведения за заглавието
Заглавие Земля
Подзаглавни данни Повести
257 ## - Страна на издаване
Страна на създаване/издаване България
260 ## - Област на издателските данни
Място на издаване, разпространение и проч. София
Име на издателя, разпространителя и проч. Изд. лит. на иностр. яз.
Година на издаване 1959
9 (RLIN) 218133
Издателство - префикс ISBN 978-954-650-
300 ## - Физическа характеристика
Страници 162 с.
Размери/Мащаб 18 см
380 ## - Жанр
Жанр Худож. лит.
490 ## - СЕРИИ (Колекции)
Име на серия Библиотека Болгария
№: серия 2
9 (RLIN) 206804
500 ## - Общи забележки
Забележка 16 100 тир. Лит. прил. на сп. Болгария
700 ## - Други автори (авторска отговорност)
Лично име Арсениев, Валентин Пантелеев
Автороска отговорност (Описва отношението между автора и произведението) пер. с болг.
9 (RLIN) 317081
852 ## - Местоположение
Форматна сигнатура Цб І 2724
856 4# - Електронен адрес и достъп
Електронен формат pdf - файл
Път до файла /url/
Инструкция (цена за достъп) 0.00
Права за достъп disable
856 4# - Електронен адрес и достъп
Електронен формат pdf - файл
Път до файла /url/
Инструкция (цена за достъп) 0.00
Права за достъп disable
999 ## - СИСТЕМНИ КОНТРОЛНИ НОМЕРА
Koha biblionumber 377296
Koha biblioitemnumber 377296
942 ## - АРТИКУЛИ
Вид на библиотечния материал Книги
Скрит в OPAC Не
Периодичен библиозапис Да
944 ## - СЪЗДАВАНЕ И РЕДАКЦИЯ на ЗАПИСА
Създаване/Редакция Създаване
Дата на регистрацията/редакция 2020-07-28
Служител, извършил регистрацията/редакцията Мартин Енчев
999 ## - СИСТЕМНИ КОНТРОЛНИ НОМЕРА
Koha biblioitemnumber 377296
999 ## - СИСТЕМНИ КОНТРОЛНИ НОМЕРА
Koha biblioitemnumber 377296
999 ## - СИСТЕМНИ КОНТРОЛНИ НОМЕРА
Koha biblioitemnumber 384157
Наличности
Код за отписване Код за изгубен артикул Източник на класификационната схема Код за повреда Коз за рестрикции Код за отдаване Артикулен № Име на библиотеката - собственик Име на библиотеката, в която се намира в момента Статус (Текущо местоположение) Дата на вписване в системата Местоположение - отдел Цена в лева Инвентарен номер Систематично азбучна сигнатура Баркод Цена в евро Служебен тип на артикула
  Не е изгубен Universal Decimal Classification Не е повреден без рестрикции ползва се в читалня 786881 Регионална библиотека "Любен Каравелов" Русе Регионална библиотека "Любен Каравелов" Русе Хранилище 2020-07-29 Хранилище 0.40 2496/59 Цб І 2724 900000025602 0.20 Книги
Vip Innovations Ltd, Rousse, Bulgaria 2025